00277nam a2200121Ia 4500008004100000100002200041245003300063260001500096300000900111650001300120942000700133999001500140190216s9999||||xx |||||||||||||| ||und|| aAsok Kumar Saxena 0a"Central Sales Tax Act,1956" bNullc1992 a420p aCommerce cBK c5479d5479